|
|
|
|
| LEADER |
00000cac a2200000 a 4500 |
| 001 |
48446 |
| 003 |
Ucuenca |
| 005 |
20230810062741.0 |
| 008 |
002122|1988 sp |||||r|||||||||||spa|| |
| 020 |
|
|
|a 8437604435
|
| 040 |
|
|
|b spa
|
| 041 |
1 |
|
|a spa
|
| 082 |
0 |
|
|a 193
|
| 100 |
|
|
|a Mure, G. R. G.
|9 213950
|
| 245 |
|
3 |
|a La filosofía de Hegel
|c G. R. G. Mure
|h imp
|
| 250 |
|
|
|a 2a ed.
|
| 264 |
|
|
|a Madrid
|b Ediciones Cátedra
|c 1988
|
| 300 |
|
|
|a 215 páginas:
|c 18 cm
|
| 490 |
|
|
|a Teorema. Serie Menor
|
| 504 |
|
|
|a incl. ref.
|
| 650 |
|
0 |
|a Filosofía hegeliana
|9 1532
|
| 650 |
|
4 |
|a Filosofía
|9 8018
|
| 852 |
|
|
|a UC-CDJBV
|f Donación
|l 1
|m General
|p 20021227
|q 1,00
|r 2
|t 48446
|y 27373
|b 0
|d CDRC
|e CDRC
|g 193.04 PRIMER PISO
|z 2002-21-22
|
| 942 |
|
|
|c CR
|0 4
|
| 999 |
|
|
|c 118293
|d 118293
|